000 00819nam a2200181 i 4500
001 154586
003 ES-MaACL
005 20230906205804.0
008 010529s1892 cu |||| | spa d
100 1 _aGonzález Lanuza, José Antonio.
_958740
245 1 3 _aLa ley de Lynch en los Estados Unidos
_b: disertación leída en la apertura de la Academia de Derecho /
_cpor José A. González y Lanuza.
260 _aHabana :
_b[s.n.],
_c1892 (
_fImp. y Papelería "La Universal" de Ruiz y hermano)
300 _a104 p. ;
_c25 cm.
594 _aPrecede al tít.: Universidad de La Habana. Facultad de Derecho.
650 4 _aLinchamiento.
_9143340
710 2 _aUniversidad de La Habana.
_bFacultad de Derecho.
_97192
852 _aES-MaACL
_jT-691-F-11
_z- Enc. hol., conservando cub. original
_z- Enc. en un vol. facticio
999 _c154586
_d154586